[Event "Memorial Philidora"]
[Site "RUS"]
[Date "2013.08.22"]
[Round "6"]
[White "Pasalic, Harun"]
[Black "Prosviriakov, Vladimir"]
[Result "1-0"]
[WhiteElo "2212"]
[BlackElo "2307"]
[PlyCount "123"]
[EventDate "2013.??.??"]
[EventCountry "RUS"]
[SourceDate "2005.09.12"]

1. e4 Nc6 2. Nf3 Nf6 3. e5 Ng4 4. d4 d6 5. h3 Nh6 6. Nc3 e6 7. exd6 Bxd6 8.
Bxh6 gxh6 9. Qd2 Qf6 10. Ne4 Qg7 11. Nxd6+ cxd6 12. O-O-O Bd7 13. d5 exd5 14.
Qxd5 O-O-O 15. Nd4 Nxd4 16. Qxd4 Qxd4 17. Rxd4 Bc6 18. Rf4 Rhe8 19. Kd2 Re7 20.
Rg1 Rg8 21. g3 Rg5 22. Bd3 Rge5 23. Bxh7 Re2+ 24. Kd1 Bb5 25. a4 Ba6 26. b4 b6
27. b5 Bb7 28. Bd3 R2e5 29. Kd2 Kc7 30. Rf6 h5 31. h4 Bc8 32. Ra1 Bd7 33. Ra3
Bg4 34. a5 Be2 35. axb6+ Kxb6 36. Rxd6+ Kb7 37. b6 axb6 38. f4 Bxd3 39. fxe5
Bc4 40. Kc3 Be6 41. Kd4 Re8 42. Rf3 Rg8 43. Ke3 Rc8 44. Kd2 Rc5 45. Re3 Rc8 46.
Rd4 Bf5 47. c3 Ra8 48. Rf3 Ra2+ 49. Ke3 Be6 50. Kf4 Re2 51. Re3 Ra2 52. Kg5 Ra8
53. Kxh5 Rg8 54. Kh6 Kc6 55. h5 Kc5 56. g4 b5 57. Rg3 Ba2 58. Rd6 Bc4 59. Kh7
Rg5 60. Rf6 Rxe5 61. g5 Re1 62. Kg7 1-0

[Event "Memorial Philidora"]
[Site "RUS"]
[Date "2013.08.22"]
[Round "6"]
[White "Morozov, Grigoriy"]
[Black "Arustamian, Artur"]
[Result "1/2-1/2"]
[WhiteElo "2341"]
[BlackElo "2386"]
[PlyCount "103"]
[EventDate "2013.??.??"]
[EventCountry "RUS"]
[SourceDate "2005.09.12"]

1. d4 d5 2. c4 dxc4 3. Nf3 Nf6 4. e3 a6 5. Bxc4 e6 6. O-O c5 7. dxc5 Qxd1 8.
Rxd1 Bxc5 9. a3 O-O 10. b4 Be7 11. Bb2 b6 12. Ne5 Bb7 13. Be2 Rd8 14. Nd2 Nbd7
15. Ndc4 Bd5 16. f3 Rac8 17. Rac1 Kf8 18. Kf2 Nxe5 19. Nxe5 b5 20. Bd4 Bb7 21.
Nd3 Nd7 22. e4 Rxc1 23. Nxc1 e5 24. Be3 Ke8 25. Nb3 Nb8 26. Rc1 Rc8 27. Nc5
Bxc5 28. bxc5 Nc6 29. Rb1 Rc7 30. Ra1 Ke7 31. a4 b4 32. a5 Bc8 33. Rb1 Be6 34.
Bxa6 b3 35. Bd2 Nxa5 36. Bxa5 Ra7 37. Ra1 b2 38. Rb1 Rxa6 39. Bc3 f6 40. Ke3
Ra3 41. Kd2 Ra1 42. Rxb2 Ra2 43. Rxa2 Bxa2 44. Bb4 Kd7 45. c6+ Kxc6 46. Bf8 g6
47. Bg7 f5 48. exf5 gxf5 49. Bxe5 Kd5 50. Bc7 Ke6 51. Ke3 Kf6 52. Kf4 1/2-1/2

[Event "Memorial Philidora"]
[Site "RUS"]
[Date "2013.08.23"]
[Round "7"]
[White "Prosviriakov, Vladimir"]
[Black "Morozov, Grigoriy"]
[Result "1-0"]
[WhiteElo "2307"]
[BlackElo "2341"]
[PlyCount "65"]
[EventDate "2013.??.??"]
[EventCountry "RUS"]
[SourceDate "2005.09.12"]

1. e4 e6 2. d4 d5 3. Nc3 Bb4 4. exd5 exd5 5. Bd3 c5 6. dxc5 d4 7. a3 Ba5 8. b4
dxc3 9. bxa5 Qxa5 10. Qe2+ Ne7 11. Nf3 Nbc6 12. O-O Qxc5 13. a4 Be6 14. Ba3 Qh5
15. Rab1 b6 16. Rb5 Qg4 17. Rg5 Qxa4 18. Bxe7 Kxe7 19. Qe3 Rac8 20. Rxg7 h6 21.
Re1 Kf8 22. Rg6 Re8 23. Rxh6 Rg8 24. Rh4 Qa5 25. Rh7 Re7 26. Qf4 Ke8 27. Nd4
Nd8 28. Bb5+ Bd7 29. Bxd7+ Kxd7 30. Rxe7+ Kxe7 31. Nc6+ Nxc6 32. Qxf7+ Kd6 33.
Rh6+ 1-0

[Event "Memorial Philidora"]
[Site "RUS"]
[Date "2013.08.23"]
[Round "7"]
[White "Slavinsky, Petr"]
[Black "Kutuzov, Denis"]
[Result "0-1"]
[WhiteElo "2102"]
[BlackElo "2343"]
[PlyCount "78"]
[EventDate "2013.??.??"]
[EventCountry "RUS"]
[SourceDate "2005.09.12"]

1. e4 e6 2. d3 b5 3. Nf3 Bb7 4. g3 c5 5. Bg2 d6 6. O-O Nf6 7. Nbd2 Nbd7 8. b3
Be7 9. a4 a6 10. Bb2 O-O 11. Qe2 e5 12. axb5 axb5 13. Rxa8 Qxa8 14. Ra1 Qb8 15.
Qe1 Re8 16. Ra2 d5 17. c4 bxc4 18. bxc4 dxe4 19. dxe4 Bc6 20. Bc3 Bd6 21. Nh4
g6 22. Qa1 Nf8 23. f4 Bc7 24. Ra6 Qb7 25. Ra7 Qc8 26. fxe5 N6d7 27. Bh3 Bb8 28.
e6 Nxe6 29. Ra2 Qd8 30. Ra6 Bb7 31. Bxe6 fxe6 32. Ra3 Qg5 33. Qe1 Rf8 34. Nhf3
Qg4 35. Kg2 e5 36. h3 Qe6 37. Qa1 Nf6 38. Bxe5 Nxe4 39. Bh8 Qf7 0-1

[Event "Memorial Philidora"]
[Site "RUS"]
[Date "2013.08.23"]
[Round "7"]
[White "Arustamian, Artur"]
[Black "Kostin, Konstantin"]
[Result "0-1"]
[WhiteElo "2386"]
[BlackElo "2301"]
[PlyCount "42"]
[EventDate "2013.??.??"]
[EventCountry "RUS"]
[SourceDate "2005.09.12"]

1. d4 Nf6 2. Nf3 c5 3. d5 e6 4. Nc3 exd5 5. Nxd5 Nxd5 6. Qxd5 d6 7. Bf4 Nc6 8.
O-O-O Be6 9. Qd2 Qb6 10. Bxd6 O-O-O 11. Qf4 Bxd6 12. Rxd6 Rxd6 13. Qxd6 Rd8 14.
Qf4 Nb4 15. Nd2 Nxa2+ 16. Kb1 Qa5 17. c3 Nxc3+ 18. Kc2 Nd5 19. Qg5 f6 20. Qg3
Nb4+ 21. Kb1 Rxd2 0-1

[Event "Memorial Philidora"]
[Site "RUS"]
[Date "2013.08.23"]
[Round "7"]
[White "Afanasiev, Nikita"]
[Black "Pasalic, Harun"]
[Result "1/2-1/2"]
[WhiteElo "2282"]
[BlackElo "2212"]
[PlyCount "22"]
[EventDate "2013.??.??"]
[EventCountry "RUS"]
[SourceDate "2005.09.12"]

1. c4 Nf6 2. g3 g6 3. Bg2 Bg7 4. Nc3 O-O 5. e4 d6 6. Nge2 c5 7. O-O Nc6 8. d3
Rb8 9. h3 Ne8 10. f4 Nc7 11. g4 a6 1/2-1/2

[Event "Memorial Philidora"]
[Site "RUS"]
[Date "2013.08.24"]
[Round "8"]
[White "Pasalic, Harun"]
[Black "Morozov, Grigoriy"]
[Result "0-1"]
[WhiteElo "2212"]
[BlackElo "2341"]
[PlyCount "66"]
[EventDate "2013.??.??"]
[EventCountry "RUS"]
[SourceDate "2005.09.12"]

1. e4 e6 2. d4 d5 3. Nd2 Nf6 4. e5 Nfd7 5. Bd3 c5 6. c3 Nc6 7. Ne2 cxd4 8. cxd4
f6 9. exf6 Nxf6 10. Nf3 Bd6 11. O-O Qc7 12. g3 O-O 13. Bf4 Bd7 14. Bxd6 Qxd6
15. Nf4 Rae8 16. Re1 e5 17. dxe5 Nxe5 18. Nxe5 Rxe5 19. Rxe5 Qxe5 20. Qe2 Qd6
21. Re1 Qb6 22. Nxd5 Nxd5 23. Bc4 Rf5 24. Rd1 Qe6 25. Qd2 Bc6 26. g4 Re5 27. h3
g5 28. b4 b5 29. Bb3 Kf8 30. Qc1 Ke8 31. Qc5 Re1+ 32. Rxe1 Qxe1+ 33. Kh2 Ne7
0-1

[Event "LIV Festival A"]
[Site "Imperia "]
[Date "2012.09.02"]
[Round "1"]
[White "Angelini, Marco"]
[Black "Faraci, Antonino"]
[Result "1-0"]
[WhiteElo "2223"]
[BlackElo "1997"]
[PlyCount "89"]
[EventDate "2012.09.02"]
[EventType "swiss"]
[EventRounds "9"]
[EventCountry "ITA"]
[SourceDate "2005.09.12"]

1. e4 e5 2. Nf3 Nf6 3. Nxe5 d6 4. Nf3 Nxe4 5. Nc3 d5 6. Qe2 Be7 7. Nxe4 dxe4 8.
Qxe4 O-O 9. Bc4 Nd7 10. O-O c6 11. d4 Nf6 12. Qd3 a5 13. a3 Qc7 14. Bg5 b5 15.
Bb3 c5 16. dxc5 Qxc5 17. Rfe1 a4 18. Ba2 Bf5 19. Qe2 Bd6 20. Bxf6 gxf6 21. c3
Bg4 22. h3 Bh5 23. Rad1 Bg6 24. Rd5 Qc7 25. Rxb5 Rfe8 26. Qxe8+ Rxe8 27. Rxe8+
Kg7 28. Re1 Bc5 29. Rd1 Ba7 30. Bd5 Bh5 31. Be4 f5 32. Rxf5 Bg6 33. Re5 Qb6 34.
Rd2 Bb8 35. Re8 Bf4 36. Re2 Bc1 37. Bxg6 hxg6 38. R8e4 Qb5 39. Nd4 Qd3 40. Kh2
Qb1 41. Re7 Bf4+ 42. g3 Bg5 43. Ne6+ Kf6 44. Nxg5 Kxg5 45. Rxf7 1-0

[Event "LIV Festival A"]
[Site "Imperia "]
[Date "2012.09.02"]
[Round "1"]
[White "Arigoni, Bruno"]
[Black "Di Paolo, Raffaele"]
[Result "0-1"]
[WhiteElo "2071"]
[BlackElo "2243"]
[PlyCount "82"]
[EventDate "2012.09.02"]
[EventType "swiss"]
[EventRounds "9"]
[EventCountry "ITA"]
[SourceDate "2005.09.12"]

1. Nf3 e6 2. d4 d5 3. e3 Bd6 4. b3 c6 5. Bb2 Nf6 6. Nbd2 Ne4 7. Nxe4 dxe4 8.
Nd2 f5 9. Qh5+ g6 10. Qd1 O-O 11. g3 Nd7 12. h4 Nf6 13. Nc4 Bc7 14. Be2 b5 15.
Ne5 Bb7 16. Kf1 Nd7 17. Kg2 Nxe5 18. dxe5 Qe7 19. c4 b4 20. c5 a5 21. Qc2 Rfd8
22. Bd4 Ba6 23. Bxa6 Rxa6 24. h5 g5 25. h6 Raa8 26. Rh5 Rd5 27. Qb2 Rf8 28. Rg1
Bd8 29. Qe2 Qf7 30. Kf1 Kh8 31. Rh2 Qd7 32. Ke1 Be7 33. Qc4 Bxc5 34. Kf1 Bxd4
35. exd4 Rxd4 36. Qc5 Rg8 37. Qxa5 f4 38. Kg2 f3+ 39. Kh1 Rd1 40. Rh3 Rxg1+ 41.
Kxg1 Qd1+ 0-1

[Event "LIV Festival A"]
[Site "Imperia "]
[Date "2012.09.02"]
[Round "1"]
[White "Blasco, Domenico"]
[Black "Krouzel, Jaroslav"]
[Result "0-1"]
[WhiteElo "1933"]
[BlackElo "2172"]
[PlyCount "130"]
[EventDate "2012.09.02"]
[EventType "swiss"]
[EventRounds "9"]
[EventCountry "ITA"]
[SourceDate "2005.09.12"]

1. d4 f5 2. e4 fxe4 3. Nc3 Nf6 4. Bg5 e6 5. Nxe4 Be7 6. Nxf6+ Bxf6 7. Bxf6 Qxf6
8. Nf3 c5 9. Be2 O-O 10. O-O d5 11. c3 cxd4 12. Qxd4 Nc6 13. Qxf6 gxf6 14. Rad1
Rd8 15. Rd2 e5 16. Bd1 Be6 17. b4 Rac8 18. Bb3 Kf7 19. Ne1 Ne7 20. Rc2 Rc6 21.
Nd3 Bf5 22. Rd1 Rdc8 23. Rcd2 b6 24. Nb2 Rxc3 25. Na4 Rc1 26. Bxd5+ Nxd5 27.
Rxd5 Be6 28. R5d2 Rxd1+ 29. Rxd1 Bxa2 30. h3 Bb3 31. Rd7+ Kg6 32. Rxa7 Rc1+ 33.
Kh2 Ra1 34. Ra6 Rxa4 35. Rxb6 Ra2 36. Kg3 Kf5 37. Rb8 Bd5 38. Rb5 Ra3+ 39. f3
Ke6 40. Rb6+ Kf7 41. Kf2 h5 42. h4 Rb3 43. Rb5 Bc4 44. Rb6 Rb2+ 45. Kg3 Bf1 46.
f4 e4 47. f5 Rxg2+ 48. Kf4 Rg4+ 49. Ke3 Rxh4 50. Kd4 Rf4 51. Rb7+ Kf8 52. b5
Rxf5 53. b6 Rb5 54. Rb8+ Kg7 55. Kxe4 h4 56. Kf3 h3 57. Kg3 Rb4 58. Kh2 Rb3 59.
Rb7+ Kg6 60. Rb8 Kf5 61. Kg1 Bg2 62. Kh2 Kf4 63. Rf8 Rxb6 64. Rf7 f5 65. Rf8
Rb1 0-1

[Event "LIV Festival A"]
[Site "Imperia "]
[Date "2012.09.02"]
[Round "1"]
[White "Cavatorta, Fosco"]
[Black "Ahner, Thomas"]
[Result "0-1"]
[WhiteElo "1915"]
[BlackElo "2162"]
[PlyCount "100"]
[EventDate "2012.09.02"]
[EventType "swiss"]
[EventRounds "9"]
[EventCountry "ITA"]
[SourceDate "2005.09.12"]

1. d4 Nf6 2. Nf3 e6 3. e3 c5 4. Bd3 b6 5. O-O Bb7 6. c4 Be7 7. Nc3 O-O 8. d5
exd5 9. cxd5 d6 10. e4 Ba6 11. e5 dxe5 12. Nxe5 Bd6 13. f4 Qc8 14. a4 c4 15.
Bc2 Bb7 16. Qf3 Rd8 17. Be3 Bc5 18. Rad1 Bb4 19. Be4 Nxe4 20. Qxe4 Re8 21. Qf3
f6 22. Ng4 Qf5 23. Nb5 Na6 24. Nd4 Qxd5 25. Qxd5+ Bxd5 26. Nc2 Be6 27. f5 Bf7
28. Nxb4 Nxb4 29. Bd4 Re4 30. Nf2 Re2 31. Bc3 Nd5 32. Bd4 Rae8 33. Nh3 R8e4 34.
Rf2 Re1+ 35. Rf1 R1e2 36. Rf2 Be8 37. Rxe2 Rxe2 38. Kf1 Rc2 39. Nf2 Bc6 40. Ra1
Nf4 41. g3 Ne2 42. Be3 Rxb2 43. a5 Nc3 44. axb6 axb6 45. Bd4 Rb3 46. Ke1 Na4
47. Kd2 b5 48. Re1 Kf7 49. Re6 Bd7 50. Ra6 Bxf5 0-1

[Event "LIV Festival A"]
[Site "Imperia "]
[Date "2012.09.02"]
[Round "1"]
[White "De Barberis, Massimo"]
[Black "Svoboda, Svatopluk"]
[Result "0-1"]
[WhiteElo "2088"]
[BlackElo "2344"]
[PlyCount "50"]
[EventDate "2012.09.02"]
[EventType "swiss"]
[EventRounds "9"]
[EventCountry "ITA"]
[SourceDate "2005.09.12"]

1. e4 c6 2. d4 Na6 3. Nf3 g6 4. c3 Nc7 5. Be3 d5 6. e5 h5 7. Bd3 Nh6 8. O-O Bf5
9. Bxh6 Bxd3 10. Bxf8 Bxf1 11. Bxe7 Qxe7 12. Qxf1 Ne6 13. Qd3 O-O-O 14. Nbd2
Kb8 15. b4 g5 16. Nb3 g4 17. Nfd2 Nf4 18. Qe3 Qg5 19. a4 f6 20. b5 cxb5 21.
axb5 b6 22. c4 fxe5 23. dxe5 d4 24. Qe4 Rhe8 25. Re1 d3 0-1

[Event "LIV Festival A"]
[Site "Imperia "]
[Date "2012.09.02"]
[Round "1"]
[White "De Luca, Fabio"]
[Black "Kljako, Damir"]
[Result "0-1"]
[WhiteElo "1989"]
[BlackElo "2208"]
[PlyCount "126"]
[EventDate "2012.09.02"]
[EventType "swiss"]
[EventRounds "9"]
[EventCountry "ITA"]
[SourceDate "2005.09.12"]

1. e4 g6 2. d4 Bg7 3. Nc3 d6 4. Be3 c6 5. Qd2 b5 6. f3 h5 7. h4 Nd7 8. Nh3 Ngf6
9. Ng5 O-O 10. Ne2 e5 11. dxe5 Nxe5 12. Nf4 Qe7 13. a4 Nc4 14. Bxc4 bxc4 15.
O-O d5 16. exd5 Nxd5 17. Bd4 Bxd4+ 18. Qxd4 Qe3+ 19. Qxe3 Nxe3 20. Rf2 Bf5 21.
c3 Rfe8 22. Re1 Nc2 23. Ree2 Na1 24. Ne4 Bxe4 25. Rxe4 Rxe4 26. fxe4 Re8 27.
Re2 Re5 28. Kf2 Nb3 29. Kf3 a5 30. g3 Nc5 31. Rd2 Nxa4 32. Rd6 Rc5 33. Ke3 Nxb2
34. Kd4 Na4 35. e5 Rb5 36. Rxc6 Nb6 37. Rc5 Rxc5 38. Kxc5 a4 39. Kb4 Kf8 40. e6
Ke7 41. exf7 Kxf7 42. Ne2 Ke6 43. Kb5 a3 44. Nc1 Nd5 45. Kxc4 Ke5 46. Nd3+ Ke4
47. Nc5+ Ke5 48. Nd3+ Kf5 49. Kb3 a2 50. Kxa2 Nxc3+ 51. Kb2 Ne2 52. Kc2 Nxg3
53. Kd2 Ke4 54. Nc5+ Ke5 55. Nd7+ Ke6 56. Nf8+ Kf6 57. Nh7+ Kf5 58. Ke3 Kg4 59.
Nf8 Nf5+ 60. Kf2 Nxh4 61. Nh7 Kf4 62. Nf6 Nf5 63. Kg2 Ne3+ 0-1

[Event "LIV Festival A"]
[Site "Imperia "]
[Date "2012.09.02"]
[Round "1"]
[White "Del Dotto, Riccardo"]
[Black "Schiappoli, Dario"]
[Result "1-0"]
[WhiteElo "2203"]
[BlackElo "1960"]
[PlyCount "75"]
[EventDate "2012.09.02"]
[EventType "swiss"]
[EventRounds "9"]
[EventCountry "ITA"]
[SourceDate "2005.09.12"]

1. d4 Nf6 2. Bf4 c5 3. e3 Nd5 4. Bxb8 Rxb8 5. c4 Qa5+ 6. Nd2 Nc7 7. Ngf3 g6 8.
Bd3 Bg7 9. O-O d6 10. Qc2 Bd7 11. a3 cxd4 12. b4 Qh5 13. Nxd4 O-O 14. Rac1 Rbc8
15. Be4 e5 16. N4b3 Bc6 17. Qd3 Rfd8 18. Na5 d5 19. cxd5 Bxd5 20. Rxc7 Rxc7 21.
Bxd5 Qg5 22. e4 Bh6 23. Nf3 Qe7 24. Rd1 Rdc8 25. Nc4 Bg7 26. g3 Kf8 27. Kg2 b5
28. Ne3 a6 29. Qe2 Rc3 30. Rd3 Qd7 31. Qd2 Qc7 32. Ng5 Bh6 33. Nxf7 Bxe3 34.
Qxe3 Rxd3 35. Qxd3 Qc1 36. Nxe5 Rc3 37. Qd4 Qb2 38. Qa7 1-0

[Event "LIV Festival A"]
[Site "Imperia "]
[Date "2012.09.02"]
[Round "1"]
[White "Dolezal, Radoslav jr"]
[Black "Anuprita, Patil"]
[Result "1/2-1/2"]
[WhiteElo "2367"]
[BlackElo "2128"]
[PlyCount "83"]
[EventDate "2012.09.02"]
[EventType "swiss"]
[EventRounds "9"]
[EventCountry "ITA"]
[SourceDate "2005.09.12"]

1. d4 Nf6 2. Bg5 g6 3. Bxf6 exf6 4. e3 Bg7 5. Bd3 f5 6. Ne2 b6 7. O-O Bb7 8.
Nf4 O-O 9. Nd2 d6 10. Be2 Nd7 11. Bf3 Qc8 12. Bxb7 Qxb7 13. Qf3 Qxf3 14. Nxf3
Nf6 15. a4 a5 16. c3 Bh6 17. Nd3 Ne4 18. Rfd1 Rfe8 19. Nd2 Nxd2 20. Rxd2 Re7
21. Kf1 Kf8 22. Rc2 c5 23. g3 g5 24. Rd1 c4 25. Ne1 f4 26. exf4 gxf4 27. g4 f5
28. gxf5 Rf7 29. Re2 Rf6 30. Nf3 Kf7 31. Re6 Rxe6 32. fxe6+ Kxe6 33. d5+ Kf5
34. Rd4 Rb8 35. Rxc4 Bg7 36. Rc7 Bf6 37. b4 axb4 38. cxb4 Ke4 39. Ke2 Kxd5 40.
Rxh7 Ra8 41. Rf7 Be5 42. a5 1/2-1/2

[Event "LIV Festival A"]
[Site "Imperia "]
[Date "2012.09.02"]
[Round "1"]
[White "Dubois, Martine"]
[Black "Barletta, Mauro"]
[Result "1/2-1/2"]
[WhiteElo "2008"]
[BlackElo "2239"]
[PlyCount "120"]
[EventDate "2012.09.02"]
[EventType "swiss"]
[EventRounds "9"]
[EventCountry "ITA"]
[SourceDate "2005.09.12"]

1. e4 e6 2. Nf3 d5 3. Nc3 dxe4 4. Nxe4 Nd7 5. d4 Ngf6 6. Bd3 c5 7. dxc5 Nxc5 8.
Nxc5 Bxc5 9. O-O O-O 10. Bg5 b6 11. Qe2 Bb7 12. Rad1 Qc7 13. Ne5 Rfd8 14. Bxf6
gxf6 15. Qg4+ Kf8 16. Nf3 Ke7 17. Rfe1 Rg8 18. Qh3 Qf4 19. Kf1 Rxg2 20. Qxg2
Bxf3 21. Qg3 Qxg3 22. hxg3 Bxd1 23. Rxd1 f5 24. Ke2 h5 25. Bb5 Bd6 26. Rh1 Rh8
27. Bd3 Be5 28. c3 f4 29. gxf4 Bxf4 30. Rh4 e5 31. Rh1 h4 32. Bf5 Kf6 33. Bg4
Kg5 34. Rg1 f5 35. Bh3+ Kf6 36. Rd1 Ke6 37. Ke1 Rg8 38. Ke2 e4 39. Rd4 Kf6 40.
Rd7 Bc1 41. Rd5 f4 42. Rf5+ Kg6 43. Kd1 Bxb2 44. Rxf4 Bxc3 45. Rg4+ Kf7 46.
Rxh4 Re8 47. Rf4+ Kg7 48. Bg2 e3 49. fxe3 Rxe3 50. Rg4+ Kf6 51. Kc2 Ba5 52. Be4
Re2+ 53. Kb3 Ke5 54. Bh7 Rh2 55. Rg7 Rh3+ 56. Kc2 Kd4 57. Rd7+ Kc4 58. Bg8+ Kb5
59. Rxa7 Rh2+ 60. Kd3 Rh3+ 1/2-1/2

[Event "LIV Festival A"]
[Site "Imperia "]
[Date "2012.09.02"]
[Round "1"]
[White "Gioseffi, Massimiliano"]
[Black "Jirovsky, Milos"]
[Result "0-1"]
[WhiteElo "2128"]
[BlackElo "2451"]
[PlyCount "80"]
[EventDate "2012.09.02"]
[EventType "swiss"]
[EventRounds "9"]
[EventCountry "ITA"]
[SourceDate "2005.09.12"]

1. d4 d5 2. c4 e6 3. Nc3 Nf6 4. cxd5 exd5 5. Bg5 c6 6. e3 Bf5 7. Qf3 Bg6 8.
Bxf6 Qxf6 9. Qxf6 gxf6 10. h4 h5 11. Kd2 Nd7 12. Bd3 Nb6 13. b3 Ba3 14. Nge2
Kf8 15. Nf4 Kg7 16. Nce2 Nc8 17. Rag1 Kh6 18. g4 hxg4 19. Nxg6 fxg6 20. Rxg4
Ne7 21. h5 g5 22. Ng3 a5 23. Nf5+ Nxf5 24. Bxf5 Bb4+ 25. Ke2 a4 26. Bc2 axb3
27. Bxb3 f5 28. Rg2 Rae8 29. Kd3 Rhf8 30. Rhg1 Be7 31. Rh1 Bd6 32. Rhg1 Rg8 33.
Rh1 Rg7 34. Bc2 f4 35. Bd1 Ra8 36. Bb3 fxe3 37. fxe3 g4 38. Rh4 g3 39. Bd1 Rg5
40. Rg4 Ra3+ 0-1

[Event "LIV Festival A"]
[Site "Imperia "]
[Date "2012.09.02"]
[Round "1"]
[White "Ljubisavljevic, Zivojin Z"]
[Black "Bellincampi, Stefano"]
[Result "1-0"]
[WhiteElo "2240"]
[BlackElo "2045"]
[PlyCount "59"]
[EventDate "2012.09.02"]
[EventType "swiss"]
[EventRounds "9"]
[EventCountry "ITA"]
[SourceDate "2005.09.12"]

1. d4 Nf6 2. c4 e6 3. Nf3 b6 4. g3 Bb4+ 5. Bd2 Bxd2+ 6. Nbxd2 Bb7 7. Bg2 c5 8.
O-O cxd4 9. Nb3 O-O 10. Qxd4 Qc7 11. Rac1 d6 12. Rfd1 Rd8 13. Qf4 Na6 14. Qh4
Nc5 15. Nbd4 a6 16. g4 h6 17. g5 hxg5 18. Nxg5 Bxg2 19. Kxg2 Qb7+ 20. f3 Rac8
21. Kh1 d5 22. e4 Na4 23. Rg1 dxc4 24. Ngxe6 fxe6 25. Nxe6 Rd7 26. Qxf6 b5 27.
Nxg7 Rxg7 28. Rxg7+ Qxg7 29. Qe6+ Kh7 30. Qxc8 1-0

[Event "LIV Festival A"]
[Site "Imperia "]
[Date "2012.09.02"]
[Round "1"]
[White "Luciani, Valerio"]
[Black "Lezzerini, Marco"]
[Result "1-0"]
[WhiteElo "2197"]
[BlackElo "1948"]
[PlyCount "65"]
[EventDate "2012.09.02"]
[EventType "swiss"]
[EventRounds "9"]
[EventCountry "ITA"]
[SourceDate "2005.09.12"]

1. d4 d6 2. c4 e5 3. Nf3 e4 4. Ng5 f5 5. Nc3 Be7 6. Nh3 Nf6 7. e3 O-O 8. Nf4 c6
9. h4 Na6 10. Bd2 Nc7 11. Qb3 d5 12. cxd5 cxd5 13. Be2 Kh8 14. h5 Qd6 15. O-O-O
Be6 16. Rh3 Bf7 17. Rg1 b5 18. Qd1 Qc6 19. Kb1 b4 20. Na4 Rfb8 21. b3 Nb5 22.
Bxb5 Qxb5 23. f3 exf3 24. gxf3 Rc8 25. Nb2 Rc6 26. Nfd3 Bd6 27. Be1 Rac8 28. h6
g6 29. Na4 Nd7 30. Nac5 Bxc5 31. dxc5 Nxc5 32. Nxb4 Rd6 33. Qd4+ 1-0

[Event "LIV Festival A"]
[Site "Imperia "]
[Date "2012.09.02"]
[Round "1"]
[White "Mariano, Elia"]
[Black "Platino, Maurizio"]
[Result "1-0"]
[WhiteElo "2159"]
[BlackElo "1904"]
[PlyCount "52"]
[EventDate "2012.09.02"]
[EventType "swiss"]
[EventRounds "9"]
[EventCountry "ITA"]
[SourceDate "2005.09.12"]

1. d4 Nf6 2. c4 e6 3. g3 d5 4. Bg2 dxc4 5. Qa4+ Bd7 6. Qxc4 Bc6 7. Nf3 Bd5 8.
Qd3 Be4 9. Qd1 Bb4+ 10. Nc3 O-O 11. O-O Bc6 12. Qb3 a5 13. a3 Bd6 14. Rd1 Ne4
15. Qc2 Nxc3 16. bxc3 Nd7 17. e4 b5 18. e5 Be7 19. Ng5 Bxg5 20. Bxc6 Bxc1 21.
Bxa8 Bxa3 22. Be4 Qe7 23. Bxh7+ Kh8 24. Bd3 f5 25. Bxb5 Rb8 26. Bxd7 Ra8 1-0

[Event "LIV Festival A"]
[Site "Imperia "]
[Date "2012.09.02"]
[Round "1"]
[White "Melone, Antonio"]
[Black "Panchanathan, Magesh Chandran"]
[Result "0-1"]
[WhiteElo "2149"]
[BlackElo "2568"]
[PlyCount "66"]
[EventDate "2012.09.02"]
[EventType "swiss"]
[EventRounds "9"]
[EventCountry "ITA"]
[SourceDate "2005.09.12"]

1. d4 Nf6 2. c4 e6 3. Nc3 Bb4 4. f3 d5 5. a3 Bxc3+ 6. bxc3 c5 7. cxd5 Nxd5 8.
dxc5 Qa5 9. e4 Ne7 10. Be3 O-O 11. Qb3 Qc7 12. Ne2 e5 13. Nc1 Nec6 14. Nd3 Na5
15. Qd5 Nbc6 16. Nb4 Be6 17. Qd6 Qc8 18. Nxc6 Nxc6 19. Qd2 Na5 20. Qf2 Qc6 21.
Be2 b6 22. O-O Nb3 23. Rab1 bxc5 24. Qg3 f6 25. f4 exf4 26. Bxf4 c4 27. Rbd1
Nc5 28. Rd6 Qe8 29. Qe3 Rc8 30. Rfd1 Kh8 31. e5 f5 32. Bf3 Qa4 33. Bd5 Qxd1+
0-1

[Event "LIV Festival A"]
[Site "Imperia "]
[Date "2012.09.02"]
[Round "1"]
[White "Ottaviani, Gianluca"]
[Black "Vokoun, Jan"]
[Result "1/2-1/2"]
[WhiteElo "1956"]
[BlackElo "2201"]
[PlyCount "49"]
[EventDate "2012.09.02"]
[EventType "swiss"]
[EventRounds "9"]
[EventCountry "ITA"]
[SourceDate "2005.09.12"]

1. e4 c5 2. Nf3 a6 3. c4 e6 4. d4 cxd4 5. Nxd4 Nf6 6. Nc3 Qc7 7. Be2 b6 8. Be3
d6 9. O-O Bb7 10. f3 Nbd7 11. Qd2 Be7 12. Rac1 O-O 13. Rfd1 Rac8 14. Bf1 Qb8
15. Kh1 Bd8 16. Bg1 Bc7 17. Nc2 Rfd8 18. Qe1 Qa8 19. Ne3 Re8 20. Qf2 Bc6 21. b4
Ne5 22. Qb2 Nh5 23. b5 axb5 24. Nxb5 Red8 25. Nc2 1/2-1/2

[Event "LIV Festival A"]
[Site "Imperia "]
[Date "2012.09.02"]
[Round "1"]
[White "Pepino, Enrico"]
[Black "Gervasio, Francesco"]
[Result "1-0"]
[WhiteElo "2169"]
[BlackElo "1924"]
[PlyCount "103"]
[EventDate "2012.09.02"]
[EventType "swiss"]
[EventRounds "9"]
[EventCountry "ITA"]
[SourceDate "2005.09.12"]

1. d4 Nf6 2. Nf3 g6 3. c4 c5 4. d5 b5 5. cxb5 a6 6. b6 Qxb6 7. Nc3 Bg7 8. e4 d6
9. Be2 O-O 10. O-O Nbd7 11. Nd2 Qc7 12. a4 e6 13. a5 Bb7 14. Nc4 exd5 15. exd5
Rad8 16. f4 Rfe8 17. Bf3 Re7 18. Qd3 Bc8 19. Qc2 Nf8 20. Qd1 Bf5 21. g4 Be4 22.
g5 Bxf3 23. Qxf3 N6d7 24. Bd2 Rde8 25. Rae1 Rxe1 26. Rxe1 Rxe1+ 27. Bxe1 Bd4+
28. Kg2 f6 29. h4 f5 30. Qe2 Kf7 31. h5 Nb8 32. h6 Qe7 33. Kf3 Qd7 34. Bd2 Qc7
35. Qd3 Nbd7 36. Ne2 Bh8 37. Bc3 Bxc3 38. Qxc3 Ke8 39. Qg7 Qb8 40. Nc3 Qc7 41.
Ke3 Qb8 42. Kd3 Qc7 43. Na4 Qb8 44. Nab6 Qc7 45. b3 Qb8 46. Kc2 Nxb6 47. axb6
Qd8 48. Qa7 Qe7 49. b7 Qe4+ 50. Kb2 Qd4+ 51. Ka2 Qf2+ 52. Ka3 1-0

[Event "LIV Festival A"]
[Site "Imperia "]
[Date "2012.09.02"]
[Round "1"]
[White "Stoppa, Omar"]
[Black "Cugini, Verter"]
[Result "1/2-1/2"]
[WhiteElo "2279"]
[BlackElo "2072"]
[PlyCount "75"]
[EventDate "2012.09.02"]
[EventType "swiss"]
[EventRounds "9"]
[EventCountry "ITA"]
[SourceDate "2005.09.12"]

1. e4 e6 2. d4 d5 3. Nd2 Nf6 4. e5 Ne4 5. Ngf3 Nxd2 6. Bxd2 c5 7. Bd3 cxd4 8.
O-O Nc6 9. a3 Be7 10. b4 a6 11. Bc1 Bd7 12. Bb2 Qb6 13. Re1 Rc8 14. Qd2 h6 15.
h4 O-O 16. Qf4 Qd8 17. Qg4 Qe8 18. Nxd4 Nxd4 19. Bxd4 Bb5 20. Re3 Bxd3 21. cxd3
Kh7 22. Rg3 Rg8 23. h5 Rc6 24. Re1 Bd8 25. Ree3 Bb6 26. Bxb6 Rxb6 27. Rgf3 Rc6
28. Qf4 Rf8 29. g4 Rc1+ 30. Kh2 Qa4 31. Qg3 Qxa3 32. g5 hxg5 33. Qxg5 Qa1 34.
Qg2 Qd4 35. Qg5 Qa1 36. Qg2 Qd4 37. Qg5 Qa1 38. Qg2 1/2-1/2

[Event "LIV Festival A"]
[Site "Imperia "]
[Date "2012.09.02"]
[Round "1"]
[White "Sulava, Nenad"]
[Black "Formento, Paolo"]
[Result "1-0"]
[WhiteElo "2496"]
[BlackElo "2147"]
[PlyCount "53"]
[EventDate "2012.09.02"]
[EventType "swiss"]
[EventRounds "9"]
[EventCountry "ITA"]
[SourceDate "2005.09.12"]

1. e4 c5 2. Nf3 d6 3. Bc4 Nf6 4. d3 e6 5. Bb3 Nc6 6. c3 Be7 7. O-O O-O 8. Re1
d5 9. e5 Nd7 10. d4 b5 11. Nbd2 b4 12. Nf1 bxc3 13. bxc3 Ba6 14. Bc2 cxd4 15.
cxd4 Rc8 16. Ng3 Nb4 17. Bb1 Qc7 18. Bg5 Nb6 19. Nh5 Nc4 20. Qc1 Qd8 21. Qf4
Nb2 22. Qh4 Bxg5 23. Bxh7+ Kh8 24. Nxg5 g6 25. Bxg6 fxg6 26. Nf6+ Kg7 27. Qh7#
1-0